| 000 | 00811cam a2200277 a 4500 | ||
|---|---|---|---|
| 001 | 42640 | ||
| 003 | BD-RjUL | ||
| 005 | 20211209053553.0 | ||
| 008 | 160614s1967 enka 001 0 eng d | ||
| 035 | _a(BD-RjUL)42758 | ||
| 040 |
_aBD-RjUL _beng _cBD-RjUL _dBD-RjUL |
||
| 041 | _aeng | ||
| 082 |
_a339 _bBRM 1967 _223 |
||
| 100 | 1 |
_aBrooman, Frederick Spencer. _95957 |
|
| 245 | 1 | 0 |
_aMacroeconomics / _cF. S. Brooman. |
| 250 | _a3rd ed. | ||
| 260 |
_aLondon : _bGeorge Allen & Unwin, _c1967 |
||
| 300 |
_a298 p. : _bill. ; _c22 cm. |
||
| 490 | 1 |
_aMinerva series of students' handbooks ; _vno.9 |
|
| 504 | _aIncludes Index. | ||
| 650 | 0 |
_aMacroeconomics. _95854 |
|
| 830 | 0 |
_vno.9 _9131183 |
|
| 830 | 0 |
_aMinerva series of students' handbooks ; _9129432 |
|
| 942 |
_2ddc _cBK |
||
| 999 |
_c42640 _d42640 |
||